| 000 | 00473nam a2200181Ia 4500 | ||
|---|---|---|---|
| 001 | 7652 | ||
| 005 | 20260306160511.0 | ||
| 008 | 260306t2020||||xx |||||||||||||| ||spa|| | ||
| 041 | _aESP | ||
| 082 |
_a352.77 _bP86 |
||
| 100 |
_aPrieto Hormaza, Marlon Iván _eAUT |
||
| 245 | 0 | _aLiquidación financiera de las obras públicas y tratamiento contable | |
| 260 | _c2020 | ||
| 300 |
_a567 páginas : _c25 cm. |
||
| 650 | _aGEN | ||
| 654 | _aCAN | ||
| 942 |
_cLIB _dJUS _fJUS _2ddc _n |
||
| 999 |
_c7652 _d7652 |
||